Micho 2: educación infantil, globalizado segundo trimestre

সংরক্ষণ করুন:
গ্রন্থ-পঞ্জীর বিবরন
প্রধান লেখক: Martínez Belinchón, Pilar (autora), Sahuquillo Sahuquillo, María Isabel (Author), García García, Felisa (Author)
বিন্যাস: গ্রন্থ
ভাষা:স্প্যানিশ
প্রকাশিত: Madrid Bruño 1998
বিষয়গুলি:
ট্যাগগুলো: ট্যাগ যুক্ত করুন
কোনো ট্যাগ নেই, প্রথমজন হিসাবে ট্যাগ করুন!

MARC

LEADER 00000nam a2200000 a 4500
001 UCN0032
003 CL-VaPUC
008 010316e19980000SP |||||||||||||||||spa|d
082 0 4 |a 372.41  |b MAR  |2 21 
100 |a Martínez Belinchón, Pilar  |e autora  |9 463381 
700 0 |a Sahuquillo Sahuquillo, María Isabel  |e author  |9 455259 
700 0 |a García García, Felisa  |e author  |9 455260 
245 1 0 |a Micho 2: educación infantil, globalizado segundo trimestre 
300 |a pág. irreg 
942 |c BK 
945 |d 20010316 00:00:00  |a cmena 
260 |a Madrid  |b Bruño  |c 1998 
650 0 |a Educación básica   |9 224933 
650 0 |a Enseñanza del lenguaje  |9 373325 
650 0 |a Apresto lectoescritura  |9 309297 
650 0 |a Métodos de enseñanza  |9 270413 
583 |a last modification  |c 20010316 00:00:00  |k Rodrigo Vera 
999 |c 294009  |d 294007 
952 |0 0  |1 0  |4 0  |6 372_410000000000000_MAR_1998  |7 0  |8 A  |9 345849  |a BIBEDU  |b BIBEDU  |d 2019-11-20  |i 3699447  |o 372.41 MAR 1998  |p 3699447  |r 2019-11-20  |w 2019-11-20  |y BK  |k EPE